Top 50 Least Peaceful Countries - Statistics

General Stats
  • This quiz has been taken 267 times
  • The average score is 36 of 50
Answer Stats
Score Country % Correct
3.554 Afghanistan
94%
3.167 Iraq
92%
2.971 Russia
92%
2.687 Iran
91%
3.275 Ukraine
91%
2.798 Pakistan
90%
3.356 Syria
90%
2.587 India
89%
3.166 DR Congo
87%
3.394 Yemen
87%
2.942 North Korea
85%
2.631 Niger
84%
3.184 South Sudan
84%
2.729 Nigeria
83%
3.007 Sudan
83%
2.552 Mexico
82%
3.125 Somalia
81%
2.789 Venezuela
81%
2.576 Israel
80%
2.930 Libya
80%
2.086 Ethiopia
79%
2.465 United States
79%
2.342 Egypt
76%
2.911 Mali
76%
2.309 Brazil
75%
2.592 Chad
75%
2.665 Colombia
75%
2.775 Turkey
73%
3.021 Central African Republic
71%
2.494 Eritrea
70%
2.612 Lebanon
70%
2.333 Guinea
64%
2.269 Haiti
64%
2.267 Honduras
64%
2.615 Myanmar
64%
2.231 El Salvador
63%
2.288 Saudi Arabia
62%
2.316 Belarus
61%
2.283 South Africa
61%
2.309 Uganda
61%
2.303 Kenya
59%
2.786 Burkina Faso
58%
2.709 Cameroon
57%
2.350 Zimbabwe
57%
2.339 Nicaragua
56%
2.470 Burundi
55%
2.332 Mozambique
54%
2.225 Djibouti
53%
2.437 Azerbaijan
51%
2.334 Philippines
40%
No matching quizzes found
Score Distribution
Percent of People with Each Score
Percentile by Number Answered
Your Score History
You have not taken this quiz